| 000 | 00838pam a2200277 4500 | ||
|---|---|---|---|
| 001 | 4189187 | ||
| 003 | GBCCL | ||
| 005 | 20241126110425.0 | ||
| 008 | 800201s1980 miua b 001 0 eng | ||
| 010 | _a 80010923 | ||
| 020 | _a0802815219 | ||
| 040 |
_aDLC _cDLC _dDLC |
||
| 050 | 0 | 0 |
_aBV652.25 _b.M293 1980 |
| 082 | 0 | 0 |
_a254.5 _a266 _bMCG |
| 100 | 1 |
_aMcGavran, Donald A. _q(Donald Anderson), _d1897-1990. _92848 |
|
| 245 | 1 | 0 |
_aUnderstanding church growth / _cby Donald A. McGavran. |
| 250 | _aRev. ed. | ||
| 260 |
_aGrand Rapids, Mich. : _bEerdmans, _cc1980. |
||
| 300 |
_axvi, 480 p. : _bill. ; _c22 cm. |
||
| 500 | _aIncludes index. | ||
| 504 | _aBibliography: p. 460-469. | ||
| 650 | 0 |
_aChurch growth. _9291 |
|
| 650 | 0 |
_aChristian sociology. _92095 |
|
| 906 |
_a7 _bcbc _corignew _d1 _eocip _f19 _gy-gencatlg |
||
| 942 |
_2ddc _cBK _034 |
||
| 999 |
_c2281 _d2281 |
||